Grupos e instituciones : prácticas educativas y proyectos comunitarios (Record no. 20129)

MARC details
000 -LEADER
campo de control de longitud fija 01444nmc a2200493 a 4500
003 - IDENTIFICADOR DE NÚMERO DE CONTROL
campo de control AR-BaBNM
005 - FECHA Y HORA DE LA ÚLTIMA TRANSACCIÓN
campo de control 20251128211539.0
008 - DATOS DE LONGITUD FIJA--INFORMACIÓN GENERAL
campo de control de longitud fija 184120s2003 ||||||||||||||000 | spa||
020 ## - NÚMERO INTERNACIONAL ESTÁNDAR DEL LIBRO
Número Internacional Estándar del Libro 987-538-049-9
040 ## - FUENTE DE CATALOGACIÓN
Centro/agencia transcriptor AR-BaBNM
245 10 - MENCIÓN DEL TÍTULO
Título Grupos e instituciones : prácticas educativas y proyectos comunitarios
Resto del título alternativas y trayectos grupales
250 ## - MENCION DE EDICION
Mención de edición 1ª ed.
260 ## - PUBLICACIÓN, DISTRIBUCIÓN, ETC.
Lugar de publicación, distribución, etc. Buenos Aires
Nombre del editor, distribuidor, etc. Ediciones Novedades Educativas
Fecha de publicación, distribución, etc. 2003
300 ## - DESCRIPCIÓN FÍSICA
Extensión 120 p.
490 #0 - MENCIÓN DE SERIE
Mención de serie Psicología y educación. Ensayos y experiencias
Designación de volumen o secuencia v. 51
504 ## - NOTA DE BIBLIOGRAFÍA, ETC.
Nota de bibliografía, etc. Nota Contiene referencias bibliográficas al final de cada capítulo
650 #4 - PUNTO DE ACCESO ADICIONAL DE MATERIA--TÉRMINO DE MATERIA
Término de materia o nombre geográfico como elemento de entrada GRUPOS
650 #4 - PUNTO DE ACCESO ADICIONAL DE MATERIA--TÉRMINO DE MATERIA
Término de materia o nombre geográfico como elemento de entrada DOCENTES
650 #4 - PUNTO DE ACCESO ADICIONAL DE MATERIA--TÉRMINO DE MATERIA
Término de materia o nombre geográfico como elemento de entrada HOSPITALES
650 #4 - PUNTO DE ACCESO ADICIONAL DE MATERIA--TÉRMINO DE MATERIA
Término de materia o nombre geográfico como elemento de entrada DERECHOS HUMANOS
650 #4 - PUNTO DE ACCESO ADICIONAL DE MATERIA--TÉRMINO DE MATERIA
Término de materia o nombre geográfico como elemento de entrada VEJEZ
650 #4 - PUNTO DE ACCESO ADICIONAL DE MATERIA--TÉRMINO DE MATERIA
Término de materia o nombre geográfico como elemento de entrada SEXUALIDAD
650 #4 - PUNTO DE ACCESO ADICIONAL DE MATERIA--TÉRMINO DE MATERIA
Término de materia o nombre geográfico como elemento de entrada CONOCIMIENTO
653 ## - TÉRMINO DE INDIZACIÓN--NO CONTROLADO
Término no controlado COMUNIDAD EDUCATIVA
653 ## - TÉRMINO DE INDIZACIÓN--NO CONTROLADO
Término no controlado ANALISIS INSTITUCIONAL
653 ## - TÉRMINO DE INDIZACIÓN--NO CONTROLADO
Término no controlado JARDINES MATERNALES
653 ## - TÉRMINO DE INDIZACIÓN--NO CONTROLADO
Término no controlado DISCAPACITADOS
700 1# - ENTRADA AGREGADA--NOMBRE PERSONAL
Nombre de persona Borakievich, Sandra
700 1# - ENTRADA AGREGADA--NOMBRE PERSONAL
Nombre de persona Sovera, Susana de la
700 1# - ENTRADA AGREGADA--NOMBRE PERSONAL
Nombre de persona Farrugio, Liliana R.
700 1# - ENTRADA AGREGADA--NOMBRE PERSONAL
Nombre de persona Fernández, Ana María
700 1# - ENTRADA AGREGADA--NOMBRE PERSONAL
Nombre de persona Imaz, Xabier
700 1# - ENTRADA AGREGADA--NOMBRE PERSONAL
Nombre de persona López, Mercedes
700 1# - ENTRADA AGREGADA--NOMBRE PERSONAL
Nombre de persona Lupani, Mónica
700 1# - ENTRADA AGREGADA--NOMBRE PERSONAL
Nombre de persona Molina, Silvia Ester
700 1# - ENTRADA AGREGADA--NOMBRE PERSONAL
Nombre de persona Montenegro, Roberto
700 1# - ENTRADA AGREGADA--NOMBRE PERSONAL
Nombre de persona Ojám, Enrique
700 1# - ENTRADA AGREGADA--NOMBRE PERSONAL
Nombre de persona Pereyra, Alba
700 1# - ENTRADA AGREGADA--NOMBRE PERSONAL
Nombre de persona Puccetti, Cristina
700 1# - ENTRADA AGREGADA--NOMBRE PERSONAL
Nombre de persona Rivera, Laura
700 1# - ENTRADA AGREGADA--NOMBRE PERSONAL
Nombre de persona Torchio, Rita
942 ## - ELEMENTOS DE ENTRADA SECUNDARIOS (KOHA)
Tipo de ítem Koha Libros
998 ## - INFORMACIÓN DE CONTROL LOCAL (RLIN)
Iniciales del catalogador, CIN (RLIN) raquel
Holdings
Estatus retirado Estado de pérdida Fuente de la clasificación o esquema de estantería Estado de daño No para préstamo Biblioteca de origen Biblioteca actual Fecha de adquisición Total de préstamos Signatura topográfica completa Código de barras Visto por última vez Precio de reemplazo Tipo de ítem Koha
    Clasificación Decimal Dewey     Liberty Liberty 28/11/2025   371.2 BOR 136106 28/11/2025 28/11/2025 Libros
    Clasificación Decimal Dewey     Liberty Liberty 28/11/2025   371.2 BOR 136107 28/11/2025 28/11/2025 Libros